| 000 | 00449nam a2200193Ia 4500 | ||
|---|---|---|---|
| 008 | 170918s9999 xx 000 0 und d | ||
| 020 | _a9780439740371 | ||
| 050 | _bD141 2006 | ||
| 100 | _aDaley, Patrick | ||
| 245 | _aYou call that a job? | ||
| 245 | _cPatrick Daley. | ||
| 260 | _aNew York : | ||
| 260 | _bScholastic, | ||
| 260 | _c2006 | ||
| 300 | _a16 pages : | ||
| 300 | _bcolored illustration ; | ||
| 300 | _c23cm. | ||
| 500 | _a230 | ||
| 999 |
_c341054 _d341054 |
||